Numbers 1-10 in European Languages #2 - Statistics

General Stats
  • This quiz has been taken 108 times
  • The average score is 30 of 80
Answer Stats
Number Answer % Correct
3 três
67%
5 cinco
63%
2 dois
63%
1 en
63%
4 quatro
63%
6 seis
63%
3 tre
63%
1 um
61%
2 dva
58%
5 fem
57%
1 jeden
57%
2 dva
55%
2 kaksi
54%
9 ni
54%
9 nove
54%
7 sete
54%
10 ti
54%
10 dez
52%
3 kolme
52%
3 tři
52%
3 tri
52%
1 yksi
52%
8 oito
51%
2 to
49%
4 neljä
48%
7 seitsemän
48%
6 seks
48%
5 viisi
48%
6 kuusi
46%
10 deset
45%
2 dvá
45%
5 pet
45%
6 šest
45%
10 deset
43%
1 egy
43%
5 pět
43%
9 devet
42%
6 šest
42%
9 devět
40%
4 fire
40%
10 kymmenen
40%
8 kahdeksan
39%
8 otte
39%
9 yhdeksän
39%
1 jedan
37%
5 pét
36%
4 četiri
34%
7 syv
34%
10 desét
31%
3 három
31%
2 kettő
31%
8 osam
31%
5 öt
31%
9 devét
30%
6 šést
30%
4 négy
28%
6 hat
27%
8 nyolc
27%
7 sedam
27%
7 hét
25%
8 osm
25%
7 sedm
25%
10 tíz
25%
9 kilenc
24%
8 ósem
22%
4 čtyři
21%
7 sédem
19%
1 èn
13%
1 vienas
13%
2 du
12%
8 aštuoni
7%
9 devyni
7%
4 keturi
7%
5 penki
7%
3 trys
7%
10 dešimt
6%
7 septyni
6%
6 šeši
6%
4 štírje
3%
3 tríje
3%
No matching quizzes found
Score Distribution
Percent of People with Each Score
Percentile by Number Answered
Your Score History
You have not taken this quiz